Díszpolgár dr. Kristó Gyula

Elmentve itt :
Bibliográfiai részletek
Dokumentumtípus: Cikk
Megjelent: 1998-04-17
Sorozat:Délmagyarország
Kulcsszavak:Kristó Gyula, díszpolgár, Kitüntetés, Kristó Gyula, díszpolgár
Online Access:http://univ.bibl.u-szeged.hu/23975
LEADER 00485nab a2200157 i 4500
001 univ23975
005 20171214104807.0
008 171214s1998 hu o 0|| zxx d
040 |a SZTE UnivHistória Repozitórium  |b hun 
041 |a zxx 
245 0 0 |a Díszpolgár  |h [elektronikus dokumentum] :  |b dr. Kristó Gyula 
260 |c 1998-04-17 
300 |a 1 
490 0 |a Délmagyarország 
561 |a Egyetemi hirarchívum 
695 |a Kristó Gyula, díszpolgár, Kitüntetés, Kristó Gyula, díszpolgár